Loading...
| Fine Arts - Classical Music | 0 | 7 | 1 | 2 | 65 | 17 | 52.00 | 4 | 6 | 38.80 | 54.00 |
| Science - Other | 0 | 4 | 0 | 0 | 40 | 26 | 53.50 | 2 | 4 | 22.53 | 34.00 |
| Science - Physics | 0 | 3 | 1 | 1 | 25 | 25 | 62.33 | 1 | 3 | 12.79 | 16.00 |
| Fine Arts - Other | 0 | 3 | 1 | 0 | 25 | 20 | 52.33 | 1 | 3 | 16.47 | 20.00 |
| Science - Chemistry | 0 | 3 | 2 | 0 | 20 | 61 | 96.00 | 1 | 1 | 3.95 | 14.00 |
| Fine Arts - Painting and Sculpture | 0 | 2 | 0 | 1 | 20 | 60 | 79.50 | 2 | 2 | 6.64 | 20.00 |
| Literature - British | 0 | 2 | 0 | 0 | 20 | 16 | 45.00 | 1 | 2 | 8.24 | 12.00 |
| Social Science | 0 | 1 | 0 | 0 | 10 | 42 | 42.00 | 1 | 1 | 7.73 | 12.50 |
| Geography | 0 | 1 | 0 | 1 | 10 | 101 | 101.00 | 0 | 1 | 0.00 | 8.00 |
| Literature - European | 0 | 1 | 0 | 0 | 10 | 105 | 105.00 | 0 | 0 | 1.53 | 4.00 |
| Philosophy | 0 | 1 | 0 | 0 | 10 | 80 | 80.00 | 0 | 1 | 2.79 | 7.50 |
| Current Events | 0 | 1 | 0 | 1 | 10 | 85 | 85.00 | 0 | 0 | 4.37 | 10.00 |
| Science - Biology | 0 | 1 | 1 | 0 | 5 | 98 | 98.00 | 0 | 1 | 0.00 | 2.00 |